Budhistka "Nemám rada sex," hovorí herečka Květa Fialová, ktorá má vzťah s mužom mladším takmer o polstoročie

Bibliographic Details
Main Authors: Graclík, Miroslav, 1967- (Author, Interviewer), Fialová, Květa, 1929-2017 (Author)
Format: Article
Language:Slovak
PhysicalDescription:Fotogr.
ISSN:1210-4040
Subjects:

MARC

LEADER 00000nab a2200000 a 4500
001 vtls010348099
003 SK-MaSNL
005 20260303093347.0
008 120319c2012 xo wrzp 0 0slo
015 |a SNBRB2012/03  |2 rvgkpd 
038 |a RVGKPD 
040 |a RVGKPD  |b slo  |c RVGKPD  |e AACR2 
041 0 |a slo 
044 |a xo  |c SK 
080 |a 7.071.2  |x (437.1)  |2 1997 
080 |a 929 Fialová, Květa  |2 1997 
100 1 |a Graclík, Miroslav,  |d 1967-  |4 aut  |4 ivr  |9 103598 
245 1 0 |a Budhistka  |b "Nemám rada sex," hovorí herečka Květa Fialová, ktorá má vzťah s mužom mladším takmer o polstoročie 
300 |b Fotogr. 
600 1 7 |a Fialová, Květa,  |d 1929-2017  |2 rvgkpd  |9 113526 
655 7 |a rozhovory  |2 rvgkpd  |9 31831 
700 1 |a Fialová, Květa,  |d 1929-2017  |4 aut  |9 113526 
773 0 |t Plus 7 dní  |g Roč. XXII, č. 6 (2012), s. 26-28  |x 1210-4040 
852 |a RVGKPD  |b KIS3G 
958 |a BC 
958 |a CZ 
992 |a RBX 
999 |c 1815259  |d 1817189